| 000 | 00448 a2200157 4500 | ||
|---|---|---|---|
| 999 |
_c3468 _d3468 |
||
| 020 | _a9780415142113 | ||
| 050 | _aHD 75 HOD 2000 | ||
| 100 | _aHodder, Rupert | ||
| 245 |
_aDevelopment geography / _cRupert Hodder |
||
| 264 |
_aLondon : _bRoutledge, _c2000 |
||
| 300 |
_axiii, 186p. : _bill. |
||
| 440 | _aRoutledge contemporary human geography series | ||
| 500 | _aIncludes index | ||
| 650 | _aEconomic development | ||
| 942 |
_2lcc _cBK _h75 _iHOD _kHD |
||